| 000 | 00489nam a22002057a 4500 | ||
|---|---|---|---|
| 001 | 21567 | ||
| 005 | 20260314174832.0 | ||
| 008 | 260314b |||||||| |||| 00| 0 spa d | ||
| 041 | _aESP | ||
| 082 |
_a005.133 _bS32 |
||
| 100 |
_aSebesta, Robert W. _eAUT |
||
| 245 | _aConcepts of programming languages | ||
| 260 |
_a : _b , _c2008 |
||
| 300 |
_axvii, 745 páginas : _b ; _c24 cm. |
||
| 440 | _a ; | ||
| 650 | _aGEN | ||
| 654 | _aCCC | ||
| 700 | _a; | ||
| 942 |
_cLIB _dJUS _fJUS _n0 _2ddc |
||
| 999 |
_c21567 _d21567 |
||